| 000 | 00455cam a2200181ua 4500 | ||
|---|---|---|---|
| 001 | 4293 | ||
| 008 | 131109n ii |||gr||||Z||||||asm | ||
| 040 | _cMAIN | ||
| 082 | _a954.162 | ||
| 100 | _aNeog, Maheswar, | ||
| 245 |
_aPrachya sasanavali _cBy, Maheswar Neog |
||
| 250 | _a3rd. | ||
| 260 |
_aGuwahati: _bPublication Board Assam., _c2008. |
||
| 300 |
_a294p: _bill; _c25cm. |
||
| 653 | _aAssamese buranji | ||
| 653 | _aPrachya sasanavali | ||
| 942 | _cBK | ||
| 999 |
_c4112 _d4112 |
||